000 00523nam a2200181Ia 4500
003 GCL
008 140319s9999 xx 000 0 ara d
040 _aGCL /
_cGCL
082 0 4 _aط
_b372.241
_bد ك
100 1 _aدار الشروق
245 1 0 _aالقسمة والكسور /
_cدار الشروق
260 _a[S.N] :
_bدار الشروق
490 _aكتب ميكى للتمرينات
_v0
650 0 4 _aالاطفال
650 0 4 _aتعليم الاطفال
650 0 4 _aالرياضيات
942 _2ddc
_cBK
999 _c56804
_d56804